Gatha karnatak presschi (Record no. 826326)

MARC details
000 -LEADER
fixed length control field 00547nam a2200217Ia 4500
008 - FIXED-LENGTH DATA ELEMENTS--GENERAL INFORMATION
fixed length control field 101110s9999 xx 000 0 und d
041 ## - LANGUAGE CODE
Language code of text/sound track or separate title MARATHI
082 ## - DEWEY DECIMAL CLASSIFICATION NUMBER
Item number SR33825
Classification number 891.468
100 ## - MAIN ENTRY--PERSONAL NAME
Personal name Bhatkal Sadanand, Usha Takalkar (Anu.)
245 ## - TITLE STATEMENT
Title Gatha karnatak presschi
260 ## - PUBLICATION, DISTRIBUTION, ETC. (IMPRINT)
Date of publication, distribution, etc 2010
Name of publisher, distributor, etc Padyagandh prkashan, Pune
300 ## - PHYSICAL DESCRIPTION
Extent 128
365 ## - TRADE PRICE
Price amount 110
520 ## - SUMMARY, ETC.
Summary, etc Marathi
546 ## - LANGUAGE NOTE
Language note MARATHI
630 ## - SUBJECT ADDED ENTRY--UNIFORM TITLE
Uniform title Gatha karnatak presschi
650 ## - SUBJECT ADDED ENTRY--TOPICAL TERM
Topical term or geographic name as entry element Marathi
655 ## - INDEX TERM--GENRE/FORM
Genre/form data or focus term Marathi
730 ## - ADDED ENTRY--UNIFORM TITLE
Uniform title Gatha karnatak presschi
942 ## - ADDED ENTRY ELEMENTS (KOHA)
Koha item type Book
Holdings
Withdrawn status Lost status Damaged status Not for loan Home library Current library Shelving location Date acquired Source of acquisition Cost, normal purchase price Shelving control number Total Checkouts Barcode Date last seen Price effective from Koha item type
        D. B. J. College, Chiplun D. B. J. College, Chiplun     Sonali prakashan, Pune, bill no. 1079, dt.20/3/10 110.00     DBJSR33825 11/11/2010 11/11/2010 Book